000 00626nam a22001817a 4500
999 _c6011
_d6011
003 AR-CdUCM
008 190313b ||||| |||| 00| 0 esp d
040 _aMUNICIPALIDAD PROVINCIAL DEL CUSCO
_cBIBLIOTECA MUNICIPAL DEL CUSCO
082 _a869.58 /
_bH46
100 _aHerrera G. Enriqueta
_917583
245 _aLeyendas y fabulas peruanas /
_cEnriqueta Herrera G.
260 _bImprenta Ministerio de Guerra
_c1945.
300 _a113 paginas ;
_c24 cm.
505 _aLos ocho hermanos -- El gigante aprisionado -- Las aventuras de un batán ...
650 _aLiteratura peruana
_9169
942 _2ddc
_cLIBROS
945 _aacrt